00344pab a2200121 454500008004000000100001800040245008300058260000900141300001500150362000800165650002200173773002700195180718b2003 xxu||||| |||| 00| 0 eng d aLasley, James aThe effect of intensive bail supervision on repeat domestic violence offenders c2003 ap.187-207. aMay aDomestic violence aPolicy Studies Journal